000 01792nam a22004337a 4500
003 CHAP
005 20220817044321.0
008 100223s2009 mx r 00010 sparu
010 _a97587
011 _a98559
035 _a109244
040 _cCHAP
090 _aTesis
100 1 _aRosa Cruz, Ena Belén de la.
_999830
245 1 4 _aLos capítulos agropecuarios dentro de los tratados de libre comercio :
_bretos y opurtunidades para los productos agroalimentarios de exportación
_c/por Ena Belén de la Rosa Cruz y Alma Lilia Pérez García
260 _aChapingo, Méx. :
_bEl autor,
_c2009
300 _a105 h. :
_bcuadros, gráfs.
502 _aTesis (Lic. en Comercio Internacional de Productos Agropecuarios) -- UACH. División de Ciencias Económico Administrativas
530 _aTambién disponible en línea
590 _aALEPH
_b10
_c20130110
_lUCH01
_h1532
590 _aBATCH-UPD
_b10
_c20130110
_lUCH01
_h0835
590 _aBATCH-UPD
_b10
_c20130410
_lUCH01
_h0514
590 _aBATCH-UPD
_b10
_c20130914
_lUCH01
_h0111
590 _aBATCH-UPD
_b10
_c20140324
_lUCH01
_h1514
590 _aBATCH-UPD
_b10
_c20141002
_lUCH01
_h0841
590 _aCONVERSION
_b10
_c20130109
_lUCH01
_h1354
650 1 4 _aAduanas.
_9971
650 1 4 _aAlimentos
_xExportación.
_94222
650 1 4 _aAranceles.
_96487
650 1 4 _aComercio internacional.
_925641
650 1 4 _aProductos agrícolas
_xExportación.
_991945
650 1 4 _aTratado Trilateral de Libre Comercio.
700 1 _aPérez García, Alma Lilia.
_989669
856 _3Finding aid
_uhttp://10.13.5.2/tesis/109244.pdf
_zTeclea aqui
901 _aBK
942 _cFOLL
949 _aTesis
_bBC
_cTES
_d33724002109314
_eTS1
_gDonaciØn
_h50030
_i109244
_sb
949 _aTesis
_bBC
_cTES
_d33724002109371
_eTS2
_fc.2
_gDonaciØn
_h50031
_i109244
_sb
999 _c97587
_d97587